| 000 | 00645nam a2200217Ia 4500 | ||
|---|---|---|---|
| 003 | PE SENCICO BE | ||
| 005 | 20251020182438.0 | ||
| 008 | 200515s9999 xx 000 0 und d | ||
| 040 |
_aPE SENCICO BE _cPE SENCICO BE |
||
| 041 | _aspa | ||
| 082 |
_a516.22 _bO44 |
||
| 100 | 1 |
_aOlivera Diaz, Carlos _93178 _eautor |
|
| 245 | 1 | 0 |
_aGeometría plana : _bproblemas y teoremas selectos / _cCarlos Olivera Diaz |
| 250 | _a1a ed. | ||
| 260 |
_aLima : _bsin editor ; _c1977 |
||
| 300 |
_a172 páginas : _bdiagramas ; _c20 cm. |
||
| 650 | 1 | 0 |
_aGeometría plana _91020 |
| 650 | 2 | 0 |
_aGeometría _921 |
| 650 | 2 | 0 |
_aMatemáticas _92106 |
| 942 |
_cLIB _2ddc |
||
| 999 |
_c444 _d444 |
||